jupiler pro league winners until 1980 - Statistics

General Stats
  • This quiz has been taken 123 times
    14 since last reset
  • The average score is 39 of 45
Answer Stats
Hint Answer % Correct
16-17 anderlecht
92%
13-14 anderlecht
92%
12-13 anderlecht
92%
11-12 anderlecht
92%
09-10 anderlecht
92%
06-07 anderlecht
92%
05-06 anderlecht
92%
03-04 anderlecht
92%
00-01 anderlecht
92%
99-00 anderlecht
92%
94-95 anderlecht
92%
93-94 anderlecht
92%
92-93 anderlecht
92%
90-91 anderlecht
92%
86-87 anderlecht
92%
85-86 anderlecht
92%
84-85 anderlecht
92%
80-81 anderlecht
92%
22-23 antwerp
92%
23-24 club brugge
92%
21-22 club brugge
92%
20-21 club brugge
92%
19-20 club brugge
92%
17-18 club brugge
92%
15-16 club brugge
92%
04-05 club brugge
92%
02-03 club brugge
92%
97-98 club brugge
92%
95-96 club brugge
92%
91-92 club brugge
92%
89-90 club brugge
92%
87-88 club brugge
92%
18-19 genk
92%
10-11 genk
92%
01-02 genk
92%
98-99 genk
92%
14-15 gent
77%
88-89 mechelen
77%
08-09 standard liège
69%
07-08 standard liège
69%
82-83 standard liège
69%
81-82 standard liège
69%
24-25 union saint-gilloise
54%
96-97 K lierse SK
46%
83-84 KSK beveren
46%
No matching quizzes found
Score Distribution
Percent of People with Each Score
Percentile by Number Answered
Your Score History
You have not taken this quiz since the last reset